Letter of the Secretary of War, communicating, in compliance with a resolution of the Senate of December 20, 1867, information in relation to the military reservation at Fort Ridgely.

Bibliographic Details
Corporate Authors: United States. Congress. Senate. Committee on Public Lands, ProQuest (Firm)
Format: eBook
Language:English
Published: Washington : [publisher not identified], 1868.
Series:United States congressional serial set.
Subjects:
Online Access:Connect to the full text of this electronic book

MARC

Tag First Indicator Second Indicator Subfields
LEADER 00000cam a22000001a 4500
001 in00002902001
005 20190401171212.0
006 m o d
007 cr un mmmapmmp
008 060823s1868 dcu o f000 0 eng d
035 |a cis2004001590 
040 |a UMI  |c UMI  |d UtOrBLW 
043 |a n-us--- 
099 |a ProQuest Serial Set Number 1317 S.exdoc.44 
110 1 |a United States.  |b Congress.  |b Senate.  |b Committee on Public Lands. 
245 1 0 |a Letter of the Secretary of War, communicating, in compliance with a resolution of the Senate of December 20, 1867, information in relation to the military reservation at Fort Ridgely. 
246 1 |a Relinquishment of military reservation at Fort Ridgely 
264 1 |a Washington :  |b [publisher not identified],  |c 1868. 
300 |a 1 online resource. 
336 |a text  |b txt  |2 rdacontent 
337 |a computer  |b c  |2 rdamedia 
338 |a online resource  |b cr  |2 rdacarrier 
490 0 |a S.exdoc.44 
500 |a Record is based on bibliographic data in ProQuest U.S. Serial Set Digital Collection (last viewed Sept. 2006). Reuse except for individual research requires license from ProQuest, LLC. 
510 3 |a ProQuest U.S. Serial Set Digital Collection 
500 |a Electronic resource. 
650 0 |a Military bases. 
651 0 |a Fort Ridgely (Minn.) 
655 7 |a Electronic books.  |2 local 
710 2 |a ProQuest (Firm) 
830 0 |a United States congressional serial set. 
856 4 0 |u http://proxy.library.tamu.edu/login?url=http://congressional.proquest.com/congcomp/getdoc?SERIAL-SET-ID=1317+S.exdoc.44  |z Connect to the full text of this electronic book  |t 0 
999 |a MARS 
999 f f |s f3451e5a-1dff-37ec-a6f5-84e56cc94d29  |i 71c02a02-080b-35d0-8721-14a1ffd084e8  |t 0 
952 f f |a Texas A&M University  |b College Station  |c Electronic Resources  |d Available Online  |t 0  |e ProQuest Serial Set Number 1317 S.exdoc.44  |h Other scheme 
998 f f |a ProQuest Serial Set Number 1317 S.exdoc.44  |t 0  |l Available Online